La relación fiscal Nación-Provincias (Registro nro. 3628)
[ vista simple ]
| 000 -LEADER | |
|---|---|
| fixed length control field | 02220 a2200373 4500 |
| 001 - CONTROL NUMBER | |
| control field | 42552 |
| 005 - DATE AND TIME OF LATEST TRANSACTION | |
| control field | 20260407155714.0 |
| 008 - FIXED-LENGTH DATA ELEMENTS--GENERAL INFORMATION | |
| fixed length control field | 260407a2017 arg spa d |
| 003 - CONTROL NUMBER IDENTIFIER | |
| control field | AR-UNSa-BCEJYS |
| 040 ## - CATALOGING SOURCE | |
| Original cataloging agency | AR-UNSa-BCEJYS |
| Language of cataloging | spa |
| Transcribing agency | AR-UNSa-BCEJYS |
| 080 ## - UNIVERSAL DECIMAL CLASSIFICATION NUMBER | |
| Universal Decimal Classification number | 336.2:323.17 |
| Common auxiliary subdivision | Federalismo Fiscal |
| 020 ## - INTERNATIONAL STANDARD BOOK NUMBER | |
| International Standard Book Number | 978-950-34-1457-6 |
| 041 ## - LANGUAGE CODE | |
| Language code of text/sound track or separate title | spa |
| 100 1# - MAIN ENTRY--PERSONAL NAME | |
| Personal name | Capello, Marcelo L. |
| 245 10 - TITLE STATEMENT | |
| Title | La relación fiscal Nación-Provincias |
| Name of part/section of a work | lo que se discute, lo que falta discutir |
| 264 #1 - PRODUCTION, PUBLICATION, DISTRIBUTION, MANUFACTURE, AND COPYRIGHT NOTICE | |
| Place of production, publication, distribution, manufacture | La Plata : |
| Name of producer, publisher, distributor, manufacturer | Universidad Nacional de la Plata. Facultad de Ciencias Económicas |
| Date of production, publication, distribution, manufacture, or copyright notice | 2017 |
| 300 ## - PHYSICAL DESCRIPTION | |
| Extent | 222 p. |
| Dimensions | 22 cm. |
| 505 ## - FORMATTED CONTENTS NOTE | |
| Formatted contents note | 1. Los fallos de la CSJN sobre los reclamos provinciales de San Luis, Santa Fe y Córdoba por detracciones a la masa coparticipable y la confirmación de una jurisprudencia federalista / Antonio María Hernández - 2. Influencia de las elecciones y el alineamiento partidario en el federalismo fiscal / Pablo Garofalo, Daniel Lema y Jorge M. Streb - 3. Distribución de transferencias con distintos nivel de discrecionalidad en un contexto de centralización de fiscal y desnacionalización del sistema de partidos / Emilia Simison - 4. La distribución secundaria. anomalías en el equilibrio político-económico / Alberto Porto - 5. Relación fiscal Nación-Provincias: reformas realizadas en 2016 y temas pendientes para el futuro / Marcelo Capello / Vanesa Toselli - 6. "Un repaso de las opciones tributarias de los gobiernos subnacionales y del sistema de coparticipación en el actual escenario federal / Horacio L. P. Piffano - 7. Federalismo fiscal y gestión del desarrollo económico / Luis Rappoport/ Mario Sotuyo - |
| 590 ## - LOCAL NOTE (RLIN) | |
| Local note | niveau_biblio:m niveau_hierar:0 |
| 700 1# - ADDED ENTRY--PERSONAL NAME | |
| Personal name | Rosales, Walter |
| 700 1# - ADDED ENTRY--PERSONAL NAME | |
| Personal name | Garriga, Marcelo |
| 700 1# - ADDED ENTRY--PERSONAL NAME | |
| Personal name | Garofalo, Pablo |
| 700 1# - ADDED ENTRY--PERSONAL NAME | |
| Personal name | Hernández, Antonio María |
| 700 1# - ADDED ENTRY--PERSONAL NAME | |
| Personal name | Lema, Daniel |
| 700 1# - ADDED ENTRY--PERSONAL NAME | |
| Personal name | Piffano, Horacio L. P. |
| 700 1# - ADDED ENTRY--PERSONAL NAME | |
| Personal name | Porto, Alberto |
| 700 1# - ADDED ENTRY--PERSONAL NAME | |
| Personal name | Rappoport, Luis |
| 700 1# - ADDED ENTRY--PERSONAL NAME | |
| Personal name | Simison, Emilia |
| 700 1# - ADDED ENTRY--PERSONAL NAME | |
| Personal name | Sotuyo, Mario |
| 700 1# - ADDED ENTRY--PERSONAL NAME | |
| Personal name | Streb, Jorge M. |
| 700 1# - ADDED ENTRY--PERSONAL NAME | |
| Personal name | Toselli, Vanessa N. |
| 856 41 - ELECTRONIC LOCATION AND ACCESS | |
| Uniform Resource Identifier | <a href="https://biblioeco.unsa.edu.ar/pmb/images/libros/L126581.jpg">https://biblioeco.unsa.edu.ar/pmb/images/libros/L126581.jpg</a> |
| Link text | Imagen de portada |
| Electronic format type | image/jpeg |
| 942 ## - ADDED ENTRY ELEMENTS (KOHA) | |
| Koha item type | |
| Withdrawn status | Lost status | Damaged status | Not for loan | Home library | Current library | Shelving location | Date acquired | Total checkouts | Full call number | Barcode | Date last seen | Price effective from | Koha item type |
|---|---|---|---|---|---|---|---|---|---|---|---|---|---|
| Biblioteca Prof. Eusebio Cleto del Rey | Biblioteca Prof. Eusebio Cleto del Rey | 07/04/2026 | 336.2:323.17 G241 | L126581 | 07/04/2026 | 07/04/2026 | Libro |